Jóvenes: ¿En busca de una identidad perdida?

Wedi'i Gadw mewn:
Manylion Llyfryddiaeth
Awdur Corfforaethol: Universidad Católica Cardenal Raúl Silva Henríquez. Vicerrectoría Académica. Centro de Estudios en Juventud
Fformat: Texto
Cyhoeddwyd: Santiago: CEJU
Pynciau:
Tagiau: Ychwanegu Tag
Dim Tagiau, Byddwch y cyntaf i dagio'r cofnod hwn!

MARC

LEADER 00000 a a2200000 04500
001 27856
003
040
090 |a 186516  
110 |a Universidad Católica Cardenal Raúl Silva Henríquez. Vicerrectoría Académica. Centro de Estudios en Juventud  
245 |a Jóvenes: ¿En busca de una identidad perdida?  
260 |a Santiago:   |b CEJU  
650 |a JUVENTUD  
650 |a CONDICIONES SOCIALES  
650 |a ADULTOS  
650 |a CONFLICTO DE GENERACIONES  
650 |a IDENTIDAD CULTURAL  
999 |c 16242  |d 16242